Statistics for Countries with the Most Walmart Stores

Click here to take the quiz!

General Stats

  • This quiz has been taken 397 times
    (318 since last reset)
  • The average score is 8 of 12

Answer Stats

StoresCountry% Correct
5,353United States
100%
411Canada
98%
2,580Mexico
93%
631United Kingdom
91%
435China
84%
331Japan
79%
260Guatemala
42%
276Costa Rica
41%
110Honduras
40%
372South Africa
39%
102Nicaragua
38%
369Chile
33%

Score Distribution

Percentile by Number Answered

Percent of People with Each Score

Your Score History

You have not taken this quiz since the last reset